The transition to college writing / (Record no. 48516)
[ view plain ]
| 000 -LEADER | |
|---|---|
| fixed length control field | 00632cam a2200217 a 4500 |
| 001 - CONTROL NUMBER | |
| control field | 12101192 |
| 003 - CONTROL NUMBER IDENTIFIER | |
| control field | 0 |
| 005 - DATE AND TIME OF LATEST TRANSACTION | |
| control field | 20170210150347.0 |
| 008 - FIXED-LENGTH DATA ELEMENTS--GENERAL INFORMATION | |
| fixed length control field | 000710s2001 mau b 001 0 eng |
| 020 ## - INTERNATIONAL STANDARD BOOK NUMBER | |
| International Standard Book Number | 9780312149161 |
| 040 ## - CATALOGING SOURCE | |
| Transcribing agency | SPU |
| 050 00 - LIBRARY OF CONGRESS CALL NUMBER | |
| Classification number | PE1408 |
| Item number | .H63 2001 |
| 100 1# - MAIN ENTRY--PERSONAL NAME | |
| Personal name | Hjortshoj, Keith. |
| 245 14 - TITLE STATEMENT | |
| Title | The transition to college writing / |
| Statement of responsibility, etc | Keith Hjortshoj. |
| 260 ## - PUBLICATION, DISTRIBUTION, ETC. (IMPRINT) | |
| Place of publication, distribution, etc | Boston, MA : |
| Name of publisher, distributor, etc | Bedford/St. Martin's, |
| Date of publication, distribution, etc | c2001. |
| 300 ## - PHYSICAL DESCRIPTION | |
| Extent | x, 229 p. ; |
| Dimensions | 21 cm. |
| 504 ## - BIBLIOGRAPHY, ETC. NOTE | |
| Bibliography, etc | Includes bibliographical references (p. 213-215) and index. |
| 650 #0 - SUBJECT ADDED ENTRY--TOPICAL TERM | |
| Topical term or geographic name as entry element | English language |
| General subdivision | Rhetoric. |
| 650 #0 - SUBJECT ADDED ENTRY--TOPICAL TERM | |
| Topical term or geographic name as entry element | Report writing. |
| 942 ## - ADDED ENTRY ELEMENTS (KOHA) | |
| Source of classification or shelving scheme | Library of Congress Classification |
| Koha item type | Book |
| Withdrawn status | Lost status | Source of classification or shelving scheme | Damaged status | Not for loan | Collection code | Home library | Current library | Shelving location | Date acquired | Source of acquisition | Cost, normal purchase price | Total Checkouts | Full call number | Barcode | Date checked out | Copy number | Price effective from | Koha item type |
|---|---|---|---|---|---|---|---|---|---|---|---|---|---|---|---|---|---|---|
| Library of Congress Classification | Non-fiction | Nairobi Campus | Nairobi Campus | General Circulation | 10/02/2017 | Donation-BFA | 1000.00 | 2 | PE1408 .H63 2001 | 050412 | 09/12/2020 | 1 | 10/02/2017 | Book |